Veinticuatro estudios de expresión y de ritmo para piano: Op. 125
保存先:
| 第一著者: | |
|---|---|
| フォーマット: | 図書 |
| 言語: | 英語 スペイン語 フランス語 イタリア語 |
| 出版事項: |
Buenos Aires
Ricordi
1986
|
| シリーズ: | Colección Didáctica de Obras Maestras
|
| 主題: | |
| タグ: |
タグ追加
タグなし, このレコードへの初めてのタグを付けませんか!
|
MARC
| LEADER | 00000nam a2200000 a 4500 | ||
|---|---|---|---|
| 001 | UCY7119 | ||
| 003 | CL-VaPUC | ||
| 008 | 950609e19861114AG |||||||||||||||||eng|d | ||
| 041 | 0 | 7 | |a eng |2 CL-VaPUC |
| 041 | 0 | 7 | |a spa |2 CL-VaPUC |
| 041 | 0 | 7 | |a fre |2 CL-VaPUC |
| 041 | 0 | 7 | |a ita |2 CL-VaPUC |
| 082 | 0 | 4 | |a Pn784.18949 |b HEL |2 21 |
| 100 | |a Heller, Stephen |e author |9 626202 | ||
| 245 | 1 | 0 | |a Veinticuatro estudios de expresión y de ritmo para piano: Op. 125 |
| 300 | |a 44 p | ||
| 942 | |c BK | ||
| 945 | |d 19950609 00:00:00 |a awong | ||
| 260 | |a Buenos Aires |b Ricordi |c 1986 | ||
| 650 | 7 | |a ESTUDIOS |2 CL-VaPUC |9 337412 | |
| 650 | 0 | |a Música para piano |9 306528 | |
| 650 | 0 | |a Partituras |9 324008 | |
| 583 | |a last modification |c 20180305 02:33:53 |k Rodrigo Vera | ||
| 490 | 0 | |a Colección Didáctica de Obras Maestras | |
| 999 | |c 234567 |d 234565 | ||
| 952 | |0 0 |1 0 |4 0 |6 PN_784_189490000000000_HEL_1986 |7 0 |8 F |9 241105 |a BIBEDU |b BIBEDU |d 2019-11-18 |i 3087484 |l 1 |o Pn784.18949 HEL 1986 |p 3087484 |r 2023-11-22 |s 2023-03-22 |w 2019-11-18 |y BK_F |k MUS | ||